000 00747nam a22002297a 4500
003 OSt
005 20220921174745.0
008 220921b |||||||| |||| 00| 0 eng d
020 _a87-7766-044-7
040 _cBiblioteca Lado V
082 _a750
_bC697e
100 _aCollaro, Viera
_eArtista
245 _aEnergiens Spor Kunsthallen Brandts Klaefabrik/
260 _aSuecia
_bSadolin
_c1995
300 _a48p.
_c21x27cm
650 _2Tesauro de Arte & Arquitectura
_aPINTURA
650 _2Tesauro de Arte & Arquitectura
_aFOTOGRAFIA
650 _2Tesauro de Arte & Arquitectura
_aCOMPILADO
650 _2Tesauro de Arte & Arquitectura
_aSUECIA
700 _aBarker, Merete
_eArtista
942 _2ddc
_c1
_h750
_iC697e
_n0
999 _c2088
_d2088